书目信息 |
| 题名: |
为学生成功奠定基础 为地方发展提供支撑
|
|
| 作者: | 汪明义 主编 | |
| 分册: | ||
| 出版信息: | 成都 西南财经大学出版社 2010.10 |
|
| 页数: | 237页 | |
| 开本: | 28cm | |
| 丛书名: | ||
| 单 册: | ||
| 中图分类: | G40-53 | |
| 科图分类: | ||
| 主题词: | 教育学 | |
| 电子资源: | ||
| ISBN: | 7-81138-942-8 | |
| 000 | 00655nam0 2200193 450 | |
| 001 | 1436003789 | |
| 005 | 20140111100227.85 | |
| 010 | @a7-81138-942-8@dCNY30.00 | |
| 100 | @a20140111d2010 km y0chiy0120 ea | |
| 101 | 0 | @achi |
| 102 | @aCN@b510000 | |
| 200 | 1 | @a为学生成功奠定基础 为地方发展提供支撑@Awei xue sheng cheng gong dian ding ji chu wei di fang fa zhan ti gong zhi cheng@f汪明义主编@Fwang ming yi zhu bian |
| 210 | @a成都@c西南财经大学出版社@d2010.10 | |
| 215 | @a237页@d28cm | |
| 606 | 0 | @a教育学 |
| 690 | @aG40-53@v4 | |
| 701 | 0 | @a汪明义@Awang ming yi@4主编 |
| 801 | 0 | @aCN@b大连网信软件有限公司图书馆·11@c20140111 |
| 905 | @aZUCC@dG40-53@eW068 | |
| 为学生成功奠定基础 为地方发展提供支撑/汪明义主编.-成都:西南财经大学出版社,2010.10 |
| 237页;28cm |
| ISBN 7-81138-942-8:CNY30.00 |
| ● |
| 相关链接 |
|
|
|
正题名:为学生成功奠定基础 为地方发展提供支撑
索取号:G40-53/W068
 
预约/预借
| 序号 | 登录号 | 条形码 | 馆藏地/架位号 | 状态 | 备注 |
| 1 | 492660 | 204926606 | 社科库409/409社科库 2排1列2层/ [索取号:G40-53/W068] | 在馆 |